[Event "IECC M email"]
[Site "IECC email"]
[Date "1998.06.26"]
[Round "?"]
[White "Arsenault, Leonard"]
[Black "Uranga, Pedro A"]
[Result "0-1"]
[WhiteElo "1700"]
[BlackElo "1588"]
[PlyCount "40"]
[EventDate "1998.??.??"]
[EventType "tourn (corr)"]
[EventRounds "12"]
[SourceTitle "Corr 2008"]
[Source "ChessBase"]
[SourceDate "2008.06.24"]
[SourceVersion "1"]
[SourceVersionDate "2008.06.24"]
[SourceQuality "1"]

1. c4 Nf6 2. g3 e5 3. Bg2 c6 4. d4 e4 5. d5 Bc5 6. Nc3 Qe7 7. e3 d6 8. b3 Bb4 9. Nge2 Bg4 10. Bb2 cxd5 11. cxd5 Nbd7 12. 0-0 Bxc3 13. Bxc3 Ne5 14. Bxe5 Qxe5 15. Qd2 Nxd5 16. Nd4 0-0 17. Rac1 Rae8 18. h3 Bh5 19. g4 Bg6 20. Rfd1 Nf6 0-1